000 01246nam a2200301Ia 4500
001 ebr5000618
003 CaPaEBR
006 m u
007 cr cn|||||||||
008 100917r20011841inu s 000 0 eng d
040 _aCaPaEBR
_cCaPaEBR
035 _a(OCoLC)680629330
050 1 4 _aPR4572
_b.L58 2001eb
100 1 _aDickens, Charles,
_d1812-1870.
245 1 0 _aLiterary and social speeches
_h[electronic resource] /
_cby Charles Dickens.
260 _a[South Bend, IN] :
_bInfomotions, Inc. ;
_a[Salt Lake City, Utah] :
_bProject Gutenburg,
_c2001, c1841.
300 _a129 p.
533 _aElectronic reproduction.
_bPalo Alto, Calif. :
_cebrary,
_d2010.
_nAvailable via World Wide Web.
_nAccess may be limited to ebrary affiliated libraries.
600 1 0 _aDickens, Charles,
_d1812-1870.
650 0 _aLearning and scholarship.
651 0 _aEngland
_xSocial life and customs
_y19th century.
655 7 _aElectronic books.
_2local
710 2 _aProject Gutenberg.
710 2 _aVirginia Polytechnic Institute and State University.
710 2 _aInfomotions, Inc.
710 2 _aebrary, Inc.
856 4 0 _uhttp://site.ebrary.com/lib/rucke/Doc?id=5000618
_zAn electronic book accessible through the World Wide Web; click to view
999 _c2905
_d2905